Historische Anführer #2 - Statistiken

Allgemein
  • Dieses Quiz wurde 8.640 mal gespielt
    8.122 seit der letzten Aktualisierung
  • Das Durchschnittsergebnis liegt bei 10 aus 21
Antwortstatistiken
Anführer Nation % Korrekt
Kleopatra Ägypten
99%
Mao Zedong China
80%
Peter der Große Russland
72%
Henry VIII England
71%
Francisco Franco Spanien
65%
Vlad III Drăculea Walachei (Rumänien)
63%
Friedrich der Große Preußen
60%
Xerxes I Persisches Reich
50%
Atilla Hunnen
48%
Meiji Japanisches Reich
44%
Karl der Große Fränkisches Reich
37%
Leopold II Belgien
36%
Hamlet Dänemark
34%
Perikles Athen
33%
Pol Pot Kambodscha
31%
Urban II Kirchenstaat
30%
Kasimir der Große Polen
30%
Justinian I Byzantinisches Reich
22%
Mobutu Sese Seko Kuku Ngbendu wa Zabanga Zaire/Demokratische Republik Kongo
22%
Mansa Musa Malireich
19%
Owain Glyndŵr Wales
18%
Keine übereinstimmenden Quizze gefunden
Verteilung der Resultate
Anzahl Personen mit jedem Resultat
Perzentil nach korrekt beantworteten Fragen
Ihre Resultats-Entwicklung
Sie haben dieses Quiz seit der letzten Aktualisierung nicht gespielt